000 00751nam a22001937a 4500
003 0
005 20250328143357.0
008 250328b xxu||||| |||| 00| 0 eng d
050 _aPHS SB 113.2
_b.V47 2007
100 _aVersoza, Juan Carlos Y.
245 _aThe Effect of Neem (Aadirachta indica) leaf extract on the percent germination of mongo ((Vigna radiata) /
_bJuan Carlos Y. Versoza.
260 _aLas PiƱas City, Philippines :
_bSouthville International School and Colleges,
_c2007.
300 _a21 pages :
_billustrations ;
_c28 cm.
504 _aIncludes bibliographical references.
650 _aGermination.
650 _aNeem tree (Azadirachta indica)
_xExtracts.
650 _aMung bean (Vigna radiata)
_xGrowth.
942 _2lcc
_cPASS
999 _c367347
_d367347